Bandeiras com maior quantidade de cada cor - Statistics

Estatísticas Gerais
  • Esse quiz foi jogado 44 vezes
  • A pontuação média é 4 de 11
Estatísticas das Respostas
Cor % Bandeira % Correto
Vermelho 97% China
97%
Verde 93% Arábia Saudita
42%
Azul 97% Micronésia
39%
Cinza 2% Vaticano
39%
Branco 88% Afeganistão
30%
Roxo 0.3% Dominica
24%
Preto 48% Líbia
24%
Amarelo 53% Brunei
21%
Laranja 39% Butão
21%
Rosa 0.1% Espanha
21%
Marrom 6% Andorra
3%
Nenhum quiz correspondente encontrado
Distribuição das Pontuações
Porcentagem de Pessoas com Cada Pontuação
Percentil de Números Respondidos
Sua Pontuação Histórica
Você não jogou esse quiz